vufinder Bibliothèque Municipale de Charleval de Provence
Se connecter

40 créations originales pour jardins, terrasses et balcons

Book Cover
Auteur principal: Anne Valéry
D'autres auteurs: Patrick Smith
Support: Livres
Langue: Francais
Genre: Documentaire
Sujets:
Étiquettes: Ajouter
Pas de Tags !

LEADER 00884nam0a2200205 450
001 16848361
010 |a 2-08-201227-1  |b Br.  |d 23 € 
100 |a 20031222d2004 u u0frey01 ba 
101 0 |a fre 
102 |a FR 
200 0 |a 40 créations originales pour jardins, terrasses et balcons  |f Anne Valéry  |g photogr. Patrick Smith 
207 1 |a   
215 |a 140 p.  |c ill. en coul.  |d 28 x 23 cm 
300 |a Coup de coeur 
330 |a A. Valéry propose quarante idées de décoration à peu de frais à travers cinq exemples d'aménagement : terrasse d'inspiration toscane, terrasse toute blanche, terrasse ombragée, balcon en longueur, terrasse japonaise. 
700 0 |a Valéry  |b Anne  |4 70 
702 0 |a Smith  |b Patrick  |4 600 
900 |a Documentaire 
901 |a Accessible au prêt 
995 |a Bibliothèque  |c Bibliothèque  |f 00156006146484  |h 00156006146484  |k 747 VAL  |o p  |q a  |r az  |e Bibliothèque 

Options de recherche

Historique de recherche
Recherche avancée

Trouver plus

Nouveautés

Besoin d'aide ?

Contacter un bibliothécaire